Sustainability at the cutting edge: emerging technologies for low energy buildings. (2nd ed.) (Record no. 80863)

MARC details
000 -LEADER
fixed length control field 00955nam a2200205 a 4500
008 - FIXED-LENGTH DATA ELEMENTS--GENERAL INFORMATION
fixed length control field 100119s2006 ||||||||||||||||| || u
020 ## - INTERNATIONAL STANDARD BOOK NUMBER
International Standard Book Number 9780750683005
050 ## - LIBRARY OF CONGRESS CALL NUMBER
Classification number NA 2542.3 Smi
100 ## - MAIN ENTRY--PERSONAL NAME
Personal name Smith, Peter F
245 10 - TITLE STATEMENT
Title Sustainability at the cutting edge: emerging technologies for low energy buildings. (2nd ed.)
Statement of responsibility, etc. by Peter F. Smith
250 ## - EDITION STATEMENT
Edition statement 2nd ed.
260 ## - PUBLICATION, DISTRIBUTION, ETC.
Place of publication, distribution, etc. Oxford:
Name of publisher, distributor, etc. Elsevier
Date of publication, distribution, etc. 2006
300 ## - PHYSICAL DESCRIPTION
Extent xiv, 180p.: ill.
350 ## -
-- 0.00
650 ## - SUBJECT ADDED ENTRY--TOPICAL TERM
Topical term or geographic name entry element ARCHITECTURE--ENVIRONMENTAL ASPECTS
650 ## - SUBJECT ADDED ENTRY--TOPICAL TERM
Topical term or geographic name entry element ARCHITECTURE AND ENERGY CONSERVATION--EUROPE
650 ## - SUBJECT ADDED ENTRY--TOPICAL TERM
Topical term or geographic name entry element ARCHITECTURAL DESIGN--EVALUATION
995 ## -
-- MAIN LIBRARY OPEN ACCESS
-- 743006
-- CBU-MAIN LIBRARY (Kitwe)
-- 0.00
-- NA 2542.3 Smi
-- 2
-- AVAILABLE
-- Jun 28, 2012
-- 743006
-- Main Library Open Access Collection
995 ## -
-- MAIN LIBRARY OPEN ACCESS
-- 0.00
-- 741022
-- CBU-MAIN LIBRARY (Kitwe)
-- 1
-- 0.00
-- NA 2542.3 SMI
-- 1
-- AVAILABLE
-- Mar 17, 2010
-- 741022
-- Main Library Open Access Collection
999 ## -
-- 80863
-- 80863
Holdings
Withdrawn status Lost status Source of classification or shelving scheme Damaged status Not for loan Permanent Location Current Location Shelving location Date acquired Total Checkouts Full call number Barcode Date last seen Copy number Price effective from Koha item type
          CBU-MAIN LIBRARY, KITWE. CBU-MAIN LIBRARY, KITWE.   07/11/2023   NA 2542.3 Smi 743006 07/11/2023 1 07/11/2023 MONOGRAPH
          CBU-MAIN LIBRARY, KITWE. CBU-MAIN LIBRARY, KITWE.   07/11/2023   NA 2542.3 Smi 741022 07/11/2023 2 07/11/2023 MONOGRAPH